<?xml version="1.0" encoding="UTF-8"?>
<record
    xmlns:xsi="http://www.w3.org/2001/XMLSchema-instance"
    xsi:schemaLocation="http://www.loc.gov/MARC21/slim http://www.loc.gov/standards/marcxml/schema/MARC21slim.xsd"
    xmlns="http://www.loc.gov/MARC21/slim">

  <leader>01265    a2200229   4500</leader>
  <controlfield tag="001">4472</controlfield>
  <controlfield tag="005">20260407155435.0</controlfield>
  <controlfield tag="008">260407a1974    arg                 spa d</controlfield>
  <controlfield tag="003">AR-UNSa-BCEJYS</controlfield>
  <datafield tag="040" ind1=" " ind2=" ">
    <subfield code="a">AR-UNSa-BCEJYS</subfield>
    <subfield code="b">spa</subfield>
    <subfield code="c">AR-UNSa-BCEJYS</subfield>
  </datafield>
  <datafield tag="080" ind1=" " ind2=" ">
    <subfield code="a">657</subfield>
    <subfield code="x">Contabilidad</subfield>
  </datafield>
  <datafield tag="245" ind1="1" ind2="0">
    <subfield code="a">Fundamentos de la contabilidad</subfield>
  </datafield>
  <datafield tag="264" ind1=" " ind2="1">
    <subfield code="a">Buenos Aires :</subfield>
    <subfield code="b">Ediciones Macchi</subfield>
    <subfield code="c">1974</subfield>
  </datafield>
  <datafield tag="300" ind1=" " ind2=" ">
    <subfield code="a">316 p.</subfield>
    <subfield code="c">22 cm.</subfield>
  </datafield>
  <datafield tag="505" ind1=" " ind2=" ">
    <subfield code="a">1. Introducci&#xF3;n - 2. Momentos de la revelaci&#xF3;n de un hecho econ&#xF3;mico - 3. La Cuenta. Concepto - 4. Plan de cuentas - 5. La registraci&#xF3;n contable - 6. Libros principales y libros auxiliares - 7. Desarrollo de un caso pr&#xE1;ctico de registraci&#xF3;n en forma centralizada - 8. Medios manuales de registraci&#xF3;n - 9. Balance de comprobaci&#xF3;n de sumas y saldos - 10. Asientos de ajustes - 11. Estados contables b&#xE1;sicos - 12. Balance general - 13. Estado de resultados - 14. Estado de resultados acumulados - 15. Estado de origen y aplicaci&#xF3;n de fondos - 16. Estados contables comparativos</subfield>
  </datafield>
  <datafield tag="041" ind1=" " ind2=" ">
    <subfield code="a">spa</subfield>
  </datafield>
  <datafield tag="942" ind1=" " ind2=" ">
    <subfield code="c">BK</subfield>
  </datafield>
  <datafield tag="590" ind1=" " ind2=" ">
    <subfield code="a">niveau_biblio:m niveau_hierar:0</subfield>
  </datafield>
  <datafield tag="100" ind1="1" ind2=" ">
    <subfield code="a">Biondi, Mario</subfield>
  </datafield>
  <datafield tag="700" ind1="1" ind2=" ">
    <subfield code="a">Tau de Zandon&#xE1;, Maria Celia</subfield>
  </datafield>
  <datafield tag="856" ind1="4" ind2="1">
    <subfield code="u">https://biblioeco.unsa.edu.ar/pmb/images/libros/L25888.jpg</subfield>
    <subfield code="y">Imagen de portada</subfield>
    <subfield code="q">image/jpeg</subfield>
  </datafield>
  <datafield tag="999" ind1=" " ind2=" ">
    <subfield code="c">426</subfield>
    <subfield code="d">426</subfield>
  </datafield>
  <datafield tag="952" ind1=" " ind2=" ">
    <subfield code="0">0</subfield>
    <subfield code="1">0</subfield>
    <subfield code="4">0</subfield>
    <subfield code="7">0</subfield>
    <subfield code="a">BCEJYS</subfield>
    <subfield code="b">BCEJYS</subfield>
    <subfield code="c">16</subfield>
    <subfield code="d">2026-04-07</subfield>
    <subfield code="l">0</subfield>
    <subfield code="o">657 B615</subfield>
    <subfield code="p">L25889</subfield>
    <subfield code="r">2026-04-07 15:54:35</subfield>
    <subfield code="w">2026-04-07</subfield>
    <subfield code="y">L</subfield>
    <subfield code="z">RAYADO C/ L&#xC1;PIZ - SUBRAYADO C/ L&#xC1;PIZ - RAYADO C/ LAPICERA - MANCHADO </subfield>
  </datafield>
  <datafield tag="952" ind1=" " ind2=" ">
    <subfield code="0">0</subfield>
    <subfield code="1">0</subfield>
    <subfield code="4">0</subfield>
    <subfield code="7">0</subfield>
    <subfield code="a">BCEJYS</subfield>
    <subfield code="b">BCEJYS</subfield>
    <subfield code="c">16</subfield>
    <subfield code="d">2026-04-07</subfield>
    <subfield code="l">0</subfield>
    <subfield code="o">657 B615</subfield>
    <subfield code="p">L25952</subfield>
    <subfield code="r">2026-04-07 15:54:35</subfield>
    <subfield code="w">2026-04-07</subfield>
    <subfield code="y">L</subfield>
    <subfield code="z">SUBRAYADO C/ L&#xC1;PIZ - RAYADO C/ L&#xC1;PIZ - &#xDA;LTIMA HOJA DA&#xD1;ADA</subfield>
  </datafield>
  <datafield tag="952" ind1=" " ind2=" ">
    <subfield code="0">0</subfield>
    <subfield code="1">0</subfield>
    <subfield code="4">0</subfield>
    <subfield code="7">0</subfield>
    <subfield code="a">BCEJYS</subfield>
    <subfield code="b">BCEJYS</subfield>
    <subfield code="c">16</subfield>
    <subfield code="d">2026-04-07</subfield>
    <subfield code="l">0</subfield>
    <subfield code="o">657 B615</subfield>
    <subfield code="p">L25961</subfield>
    <subfield code="r">2026-04-07 15:54:35</subfield>
    <subfield code="w">2026-04-07</subfield>
    <subfield code="y">L</subfield>
    <subfield code="z">SUBRAYADO C/ L&#xC1;PIZ - RAYADO C/ L&#xC1;PIZ - SUBRAYADO C/ LAPICERA - RAYADO C/ LAPICERA - &#xDA;LTIMAS HOJAS MANCHADAS </subfield>
  </datafield>
  <datafield tag="952" ind1=" " ind2=" ">
    <subfield code="0">0</subfield>
    <subfield code="1">0</subfield>
    <subfield code="4">0</subfield>
    <subfield code="7">0</subfield>
    <subfield code="a">BCEJYS</subfield>
    <subfield code="b">BCEJYS</subfield>
    <subfield code="c">16</subfield>
    <subfield code="d">2026-04-07</subfield>
    <subfield code="l">0</subfield>
    <subfield code="o">657 B615</subfield>
    <subfield code="p">L25968</subfield>
    <subfield code="r">2026-04-07 15:54:35</subfield>
    <subfield code="w">2026-04-07</subfield>
    <subfield code="y">L</subfield>
  </datafield>
  <datafield tag="952" ind1=" " ind2=" ">
    <subfield code="0">0</subfield>
    <subfield code="1">0</subfield>
    <subfield code="4">0</subfield>
    <subfield code="7">0</subfield>
    <subfield code="a">BCEJYS</subfield>
    <subfield code="b">BCEJYS</subfield>
    <subfield code="c">16</subfield>
    <subfield code="d">2026-04-07</subfield>
    <subfield code="l">0</subfield>
    <subfield code="o">657 B615</subfield>
    <subfield code="p">L25975</subfield>
    <subfield code="r">2026-04-07 15:54:35</subfield>
    <subfield code="w">2026-04-07</subfield>
    <subfield code="y">L</subfield>
    <subfield code="z">RAYADO C/ L&#xC1;PIZ - SUBRAYADO C/ L&#xC1;PIZ - P&#xC1;G. MANCHADAS </subfield>
  </datafield>
  <datafield tag="952" ind1=" " ind2=" ">
    <subfield code="0">0</subfield>
    <subfield code="1">0</subfield>
    <subfield code="4">0</subfield>
    <subfield code="7">0</subfield>
    <subfield code="a">BCEJYS</subfield>
    <subfield code="b">BCEJYS</subfield>
    <subfield code="c">16</subfield>
    <subfield code="d">2026-04-07</subfield>
    <subfield code="l">0</subfield>
    <subfield code="o">657 B615</subfield>
    <subfield code="p">L25971</subfield>
    <subfield code="r">2026-04-07 15:54:35</subfield>
    <subfield code="w">2026-04-07</subfield>
    <subfield code="y">L</subfield>
    <subfield code="z">RAYADO C/ L&#xC1;PIZ - SUBRAYADO C/ L&#xC1;PIZ - &#xDA;LTIMAS HOJAS MANCHADAS</subfield>
  </datafield>
  <datafield tag="952" ind1=" " ind2=" ">
    <subfield code="0">0</subfield>
    <subfield code="1">0</subfield>
    <subfield code="4">0</subfield>
    <subfield code="7">0</subfield>
    <subfield code="a">BCEJYS</subfield>
    <subfield code="b">BCEJYS</subfield>
    <subfield code="c">16</subfield>
    <subfield code="d">2026-04-07</subfield>
    <subfield code="l">0</subfield>
    <subfield code="o">657 B615</subfield>
    <subfield code="p">L25951</subfield>
    <subfield code="r">2026-04-07 15:54:35</subfield>
    <subfield code="w">2026-04-07</subfield>
    <subfield code="y">L</subfield>
    <subfield code="z">RAYADO C/ L&#xC1;PIZ - SUBRAYADO C/ L&#xC1;PIZ - ESCRITO C/ LAPICERA - P&#xC1;G. MANCHADAS </subfield>
  </datafield>
  <datafield tag="952" ind1=" " ind2=" ">
    <subfield code="0">0</subfield>
    <subfield code="1">0</subfield>
    <subfield code="4">0</subfield>
    <subfield code="7">0</subfield>
    <subfield code="a">BCEJYS</subfield>
    <subfield code="b">BCEJYS</subfield>
    <subfield code="c">16</subfield>
    <subfield code="d">2026-04-07</subfield>
    <subfield code="l">0</subfield>
    <subfield code="o">657 B615</subfield>
    <subfield code="p">L25965</subfield>
    <subfield code="r">2026-04-07 15:54:35</subfield>
    <subfield code="w">2026-04-07</subfield>
    <subfield code="y">L</subfield>
    <subfield code="z">RAYADO C/ L&#xC1;PIZ - SUBRAYADO C/ L&#xC1;PIZ - P&#xC1;G. 244 RAYADA C/ LAPICERA - H&#xDA;MEDO - MANCHADO - &#xDA;LTIMA HOJA DA&#xD1;ADA</subfield>
  </datafield>
  <datafield tag="952" ind1=" " ind2=" ">
    <subfield code="0">0</subfield>
    <subfield code="1">0</subfield>
    <subfield code="4">0</subfield>
    <subfield code="7">0</subfield>
    <subfield code="a">BCEJYS</subfield>
    <subfield code="b">BCEJYS</subfield>
    <subfield code="c">16</subfield>
    <subfield code="d">2026-04-07</subfield>
    <subfield code="l">0</subfield>
    <subfield code="o">657 B615</subfield>
    <subfield code="p">L25955</subfield>
    <subfield code="r">2026-04-07 15:54:35</subfield>
    <subfield code="w">2026-04-07</subfield>
    <subfield code="y">L</subfield>
    <subfield code="z">SUBRAYADO C/ L&#xC1;PIZ - RAYADO C/ L&#xC1;PIZ - &#xDA;LTIMA HOJA RAYADA C/ LAPICERA - &#xDA;LTIMA HOJA DA&#xD1;ADA</subfield>
  </datafield>
  <datafield tag="952" ind1=" " ind2=" ">
    <subfield code="0">0</subfield>
    <subfield code="1">0</subfield>
    <subfield code="4">0</subfield>
    <subfield code="7">0</subfield>
    <subfield code="a">BCEJYS</subfield>
    <subfield code="b">BCEJYS</subfield>
    <subfield code="c">16</subfield>
    <subfield code="d">2026-04-07</subfield>
    <subfield code="l">0</subfield>
    <subfield code="o">657 B615</subfield>
    <subfield code="p">L25963</subfield>
    <subfield code="r">2026-04-07 15:54:35</subfield>
    <subfield code="w">2026-04-07</subfield>
    <subfield code="y">L</subfield>
    <subfield code="z">RAYADO C/ L&#xC1;PIZ - SUBRAYADO C/ L&#xC1;PIZ - MANCHADO </subfield>
  </datafield>
  <datafield tag="952" ind1=" " ind2=" ">
    <subfield code="0">0</subfield>
    <subfield code="1">0</subfield>
    <subfield code="4">0</subfield>
    <subfield code="7">0</subfield>
    <subfield code="a">BCEJYS</subfield>
    <subfield code="b">BCEJYS</subfield>
    <subfield code="c">16</subfield>
    <subfield code="d">2026-04-07</subfield>
    <subfield code="l">0</subfield>
    <subfield code="o">657 B615</subfield>
    <subfield code="p">L39244</subfield>
    <subfield code="r">2026-04-07 15:54:35</subfield>
    <subfield code="w">2026-04-07</subfield>
    <subfield code="y">L</subfield>
    <subfield code="z">RAYADO C/ L&#xC1;PIZ - SUBRAYADO C/ L&#xC1;PIZ - SUBRAYADO C/ LAPICERA - ESCRITO C/ LAPICERA - MANCHADO - DIBUJADO</subfield>
  </datafield>
  <datafield tag="952" ind1=" " ind2=" ">
    <subfield code="0">0</subfield>
    <subfield code="1">0</subfield>
    <subfield code="4">0</subfield>
    <subfield code="7">0</subfield>
    <subfield code="a">BCEJYS</subfield>
    <subfield code="b">BCEJYS</subfield>
    <subfield code="c">16</subfield>
    <subfield code="d">2026-04-07</subfield>
    <subfield code="l">0</subfield>
    <subfield code="o">657 B615</subfield>
    <subfield code="p">L25950</subfield>
    <subfield code="r">2026-04-07 15:54:35</subfield>
    <subfield code="w">2026-04-07</subfield>
    <subfield code="y">L</subfield>
    <subfield code="z">P&#xC1;G. 229 ROTA - RAYADO C/ L&#xC1;PIZ LEVE </subfield>
  </datafield>
  <datafield tag="952" ind1=" " ind2=" ">
    <subfield code="0">0</subfield>
    <subfield code="1">0</subfield>
    <subfield code="4">0</subfield>
    <subfield code="7">0</subfield>
    <subfield code="a">BCEJYS</subfield>
    <subfield code="b">BCEJYS</subfield>
    <subfield code="c">16</subfield>
    <subfield code="d">2026-04-07</subfield>
    <subfield code="l">0</subfield>
    <subfield code="o">657 B615</subfield>
    <subfield code="p">L25964</subfield>
    <subfield code="r">2026-04-07 15:54:35</subfield>
    <subfield code="w">2026-04-07</subfield>
    <subfield code="y">L</subfield>
    <subfield code="z">RAYADO C/ L&#xC1;PIZ - SUBRAYADO C/ L&#xC1;PIZ - MANCHADO - RAYADO LEVE C/ LAPICERA - H&#xDA;MEDO</subfield>
  </datafield>
  <datafield tag="952" ind1=" " ind2=" ">
    <subfield code="0">0</subfield>
    <subfield code="1">0</subfield>
    <subfield code="4">0</subfield>
    <subfield code="7">0</subfield>
    <subfield code="a">BCEJYS</subfield>
    <subfield code="b">BCEJYS</subfield>
    <subfield code="c">16</subfield>
    <subfield code="d">2026-04-07</subfield>
    <subfield code="l">0</subfield>
    <subfield code="o">657 B615</subfield>
    <subfield code="p">L25956</subfield>
    <subfield code="r">2026-04-07 15:54:35</subfield>
    <subfield code="w">2026-04-07</subfield>
    <subfield code="y">L</subfield>
    <subfield code="z">RAYADO C/ L&#xC1;PIZ - SUBRAYADO C/ L&#xC1;PIZ - MANCHADO - 1&#xB0; HOJA DA&#xD1;ADA </subfield>
  </datafield>
  <datafield tag="952" ind1=" " ind2=" ">
    <subfield code="0">0</subfield>
    <subfield code="1">0</subfield>
    <subfield code="4">0</subfield>
    <subfield code="7">0</subfield>
    <subfield code="a">BCEJYS</subfield>
    <subfield code="b">BCEJYS</subfield>
    <subfield code="c">16</subfield>
    <subfield code="d">2026-04-07</subfield>
    <subfield code="l">0</subfield>
    <subfield code="o">657 B615</subfield>
    <subfield code="p">L25972</subfield>
    <subfield code="r">2026-04-07 15:54:35</subfield>
    <subfield code="w">2026-04-07</subfield>
    <subfield code="y">L</subfield>
    <subfield code="z">MANCHADO - SUBRAYADO C/ L&#xC1;PIZ LEVE - LAPICERA </subfield>
  </datafield>
  <datafield tag="952" ind1=" " ind2=" ">
    <subfield code="0">0</subfield>
    <subfield code="1">0</subfield>
    <subfield code="4">0</subfield>
    <subfield code="7">0</subfield>
    <subfield code="a">BCEJYS</subfield>
    <subfield code="b">BCEJYS</subfield>
    <subfield code="c">16</subfield>
    <subfield code="d">2026-04-07</subfield>
    <subfield code="l">0</subfield>
    <subfield code="o">657 B615</subfield>
    <subfield code="p">L53289</subfield>
    <subfield code="r">2026-04-07 15:54:35</subfield>
    <subfield code="w">2026-04-07</subfield>
    <subfield code="y">L</subfield>
    <subfield code="z">CANTO MANCHADO - &#xDA;LTIMA HOJA ROTA </subfield>
  </datafield>
  <datafield tag="952" ind1=" " ind2=" ">
    <subfield code="0">0</subfield>
    <subfield code="1">0</subfield>
    <subfield code="4">0</subfield>
    <subfield code="7">0</subfield>
    <subfield code="a">BCEJYS</subfield>
    <subfield code="b">BCEJYS</subfield>
    <subfield code="c">16</subfield>
    <subfield code="d">2026-04-07</subfield>
    <subfield code="l">0</subfield>
    <subfield code="o">657 B615</subfield>
    <subfield code="p">L39246</subfield>
    <subfield code="r">2026-04-07 15:54:35</subfield>
    <subfield code="w">2026-04-07</subfield>
    <subfield code="y">L</subfield>
    <subfield code="z">L&#xC1;PIZ - CORRECTOR </subfield>
  </datafield>
  <datafield tag="952" ind1=" " ind2=" ">
    <subfield code="0">0</subfield>
    <subfield code="1">0</subfield>
    <subfield code="4">0</subfield>
    <subfield code="7">0</subfield>
    <subfield code="a">BCEJYS</subfield>
    <subfield code="b">BCEJYS</subfield>
    <subfield code="c">16</subfield>
    <subfield code="d">2026-04-07</subfield>
    <subfield code="l">0</subfield>
    <subfield code="o">657 B615</subfield>
    <subfield code="p">L25978</subfield>
    <subfield code="r">2026-04-07 15:54:35</subfield>
    <subfield code="w">2026-04-07</subfield>
    <subfield code="y">L</subfield>
    <subfield code="z">SUBRAYADO C/ L&#xC1;PIZ - RAYADO C/ L&#xC1;PIZ - P&#xC1;G. 31 Y 51 SUELTAS - MANCHAS LEVES </subfield>
  </datafield>
  <datafield tag="952" ind1=" " ind2=" ">
    <subfield code="0">0</subfield>
    <subfield code="1">0</subfield>
    <subfield code="4">0</subfield>
    <subfield code="7">0</subfield>
    <subfield code="a">BCEJYS</subfield>
    <subfield code="b">BCEJYS</subfield>
    <subfield code="c">16</subfield>
    <subfield code="d">2026-04-07</subfield>
    <subfield code="l">0</subfield>
    <subfield code="o">657 B615</subfield>
    <subfield code="p">L25970</subfield>
    <subfield code="r">2026-04-07 15:54:35</subfield>
    <subfield code="w">2026-04-07</subfield>
    <subfield code="y">L</subfield>
    <subfield code="z">L&#xC1;PIZ - &#xDA;LTIMA HOJA DA&#xD1;ADA - 1&#xB0; HOJA DA&#xD1;ADA </subfield>
  </datafield>
  <datafield tag="952" ind1=" " ind2=" ">
    <subfield code="0">0</subfield>
    <subfield code="1">0</subfield>
    <subfield code="4">0</subfield>
    <subfield code="7">0</subfield>
    <subfield code="a">BCEJYS</subfield>
    <subfield code="b">BCEJYS</subfield>
    <subfield code="c">16</subfield>
    <subfield code="d">2026-04-07</subfield>
    <subfield code="l">0</subfield>
    <subfield code="o">657 B615</subfield>
    <subfield code="p">L25960</subfield>
    <subfield code="r">2026-04-07 15:54:35</subfield>
    <subfield code="w">2026-04-07</subfield>
    <subfield code="y">L</subfield>
    <subfield code="z">RAYADO C/ L&#xC1;PIZ - SUBRAYADO C/ L&#xC1;PIZ - RAYADO C/ LAPICERA - MANCHADO </subfield>
  </datafield>
  <datafield tag="952" ind1=" " ind2=" ">
    <subfield code="0">0</subfield>
    <subfield code="1">0</subfield>
    <subfield code="4">0</subfield>
    <subfield code="7">0</subfield>
    <subfield code="a">BCEJYS</subfield>
    <subfield code="b">BCEJYS</subfield>
    <subfield code="c">16</subfield>
    <subfield code="d">2026-04-07</subfield>
    <subfield code="l">0</subfield>
    <subfield code="o">657 B615</subfield>
    <subfield code="p">L25962</subfield>
    <subfield code="r">2026-04-07 15:54:35</subfield>
    <subfield code="w">2026-04-07</subfield>
    <subfield code="y">L</subfield>
    <subfield code="z">RAYADO C/ L&#xC1;PIZ - SUBRAYADO C/ L&#xC1;PIZ - ESCRITO EN LA 1RA Y &#xDA;LTIMA HOJA -  ESCRITO EN LA P&#xC1;G. 257 - LAPICERA</subfield>
  </datafield>
  <datafield tag="952" ind1=" " ind2=" ">
    <subfield code="0">0</subfield>
    <subfield code="1">0</subfield>
    <subfield code="4">0</subfield>
    <subfield code="7">0</subfield>
    <subfield code="a">BCEJYS</subfield>
    <subfield code="b">BCEJYS</subfield>
    <subfield code="c">16</subfield>
    <subfield code="d">2026-04-07</subfield>
    <subfield code="l">0</subfield>
    <subfield code="o">657 B615</subfield>
    <subfield code="p">L25966</subfield>
    <subfield code="r">2026-04-07 15:54:35</subfield>
    <subfield code="w">2026-04-07</subfield>
    <subfield code="y">L</subfield>
    <subfield code="z">SUBRAYADO - MANCHADO - RAYADO C/ LAPICERA - 1RAS DOS HOJAS DA&#xD1;ADAS EN LA PUNTA INFERIOR</subfield>
  </datafield>
  <datafield tag="952" ind1=" " ind2=" ">
    <subfield code="0">0</subfield>
    <subfield code="1">0</subfield>
    <subfield code="4">0</subfield>
    <subfield code="7">0</subfield>
    <subfield code="a">BCEJYS</subfield>
    <subfield code="b">BCEJYS</subfield>
    <subfield code="c">16</subfield>
    <subfield code="d">2026-04-07</subfield>
    <subfield code="l">0</subfield>
    <subfield code="o">657 B615</subfield>
    <subfield code="p">L25954</subfield>
    <subfield code="r">2026-04-07 15:54:35</subfield>
    <subfield code="w">2026-04-07</subfield>
    <subfield code="y">L</subfield>
    <subfield code="z">MANCHADO - L&#xC1;PIZ - LAPICERA LEVE - &#xDA;LTIMA HOJA ROTA - P&#xC1;G. 151-154 SUELTAS</subfield>
  </datafield>
  <datafield tag="952" ind1=" " ind2=" ">
    <subfield code="0">0</subfield>
    <subfield code="1">0</subfield>
    <subfield code="4">0</subfield>
    <subfield code="7">0</subfield>
    <subfield code="a">BCEJYS</subfield>
    <subfield code="b">BCEJYS</subfield>
    <subfield code="c">16</subfield>
    <subfield code="d">2026-04-07</subfield>
    <subfield code="l">0</subfield>
    <subfield code="o">657 B615</subfield>
    <subfield code="p">L25959</subfield>
    <subfield code="r">2026-04-07 15:54:35</subfield>
    <subfield code="w">2026-04-07</subfield>
    <subfield code="y">L</subfield>
    <subfield code="z">SUBRAYADO C/ L&#xC1;PIZ - RAYADO C/ L&#xC1;PIZ - MANCHADO LEVE</subfield>
  </datafield>
  <datafield tag="952" ind1=" " ind2=" ">
    <subfield code="0">0</subfield>
    <subfield code="1">0</subfield>
    <subfield code="4">0</subfield>
    <subfield code="7">0</subfield>
    <subfield code="a">BCEJYS</subfield>
    <subfield code="b">BCEJYS</subfield>
    <subfield code="c">16</subfield>
    <subfield code="d">2026-04-07</subfield>
    <subfield code="l">0</subfield>
    <subfield code="o">657 B615</subfield>
    <subfield code="p">L25958</subfield>
    <subfield code="r">2026-04-07 15:54:35</subfield>
    <subfield code="w">2026-04-07</subfield>
    <subfield code="y">L</subfield>
    <subfield code="z">HOJAS PARTIDAS - L&#xC1;PIZ </subfield>
  </datafield>
  <datafield tag="952" ind1=" " ind2=" ">
    <subfield code="0">0</subfield>
    <subfield code="1">0</subfield>
    <subfield code="4">0</subfield>
    <subfield code="7">0</subfield>
    <subfield code="a">BCEJYS</subfield>
    <subfield code="b">BCEJYS</subfield>
    <subfield code="c">16</subfield>
    <subfield code="d">2026-04-07</subfield>
    <subfield code="l">0</subfield>
    <subfield code="o">657 B615</subfield>
    <subfield code="p">L25976</subfield>
    <subfield code="r">2026-04-07 15:54:35</subfield>
    <subfield code="w">2026-04-07</subfield>
    <subfield code="y">L</subfield>
    <subfield code="z">RAYADO C/ L&#xC1;PIZ - SUBRAYADO C/ L&#xC1;PIZ - MANCHADO - RAYADO LEVE C/ LAPICERA</subfield>
  </datafield>
  <datafield tag="952" ind1=" " ind2=" ">
    <subfield code="0">0</subfield>
    <subfield code="1">0</subfield>
    <subfield code="4">0</subfield>
    <subfield code="7">0</subfield>
    <subfield code="a">BCEJYS</subfield>
    <subfield code="b">BCEJYS</subfield>
    <subfield code="c">16</subfield>
    <subfield code="d">2026-04-07</subfield>
    <subfield code="l">0</subfield>
    <subfield code="o">657 B615</subfield>
    <subfield code="p">L25888</subfield>
    <subfield code="r">2026-04-07 15:54:35</subfield>
    <subfield code="w">2026-04-07</subfield>
    <subfield code="y">L</subfield>
    <subfield code="z">2&#xB0;HOJA RAYADA C/ LAPICERA - &#xDA;LTIMA HOJA ROTA - L&#xC1;PIZ LEVE - P&#xC1;G. 303-317 PERFORADAS </subfield>
  </datafield>
  <datafield tag="952" ind1=" " ind2=" ">
    <subfield code="0">0</subfield>
    <subfield code="1">0</subfield>
    <subfield code="4">0</subfield>
    <subfield code="7">0</subfield>
    <subfield code="a">BCEJYS</subfield>
    <subfield code="b">BCEJYS</subfield>
    <subfield code="c">16</subfield>
    <subfield code="d">2026-04-07</subfield>
    <subfield code="l">0</subfield>
    <subfield code="o">657 B615</subfield>
    <subfield code="p">L25949</subfield>
    <subfield code="r">2026-04-07 15:54:35</subfield>
    <subfield code="w">2026-04-07</subfield>
    <subfield code="y">L</subfield>
    <subfield code="z">RAYADO C/ L&#xC1;PIZ - SUBRAYADO C/ L&#xC1;PIZ - RAYADO C/ LAP&#xCD;CERA - &#xDA;LTIMA HOJA C/ CINTA </subfield>
  </datafield>
  <datafield tag="952" ind1=" " ind2=" ">
    <subfield code="0">0</subfield>
    <subfield code="1">0</subfield>
    <subfield code="4">0</subfield>
    <subfield code="7">0</subfield>
    <subfield code="a">BCEJYS</subfield>
    <subfield code="b">BCEJYS</subfield>
    <subfield code="c">16</subfield>
    <subfield code="d">2026-04-07</subfield>
    <subfield code="l">0</subfield>
    <subfield code="o">657 B615</subfield>
    <subfield code="p">L25979</subfield>
    <subfield code="r">2026-04-07 15:54:35</subfield>
    <subfield code="w">2026-04-07</subfield>
    <subfield code="y">L</subfield>
    <subfield code="z">RAYADO C/ L&#xC1;PIZ - SUBRAYADO C/ L&#xC1;PIZ - MANCHAS LEVES</subfield>
  </datafield>
  <datafield tag="952" ind1=" " ind2=" ">
    <subfield code="0">0</subfield>
    <subfield code="1">0</subfield>
    <subfield code="4">0</subfield>
    <subfield code="7">0</subfield>
    <subfield code="a">BCEJYS</subfield>
    <subfield code="b">BCEJYS</subfield>
    <subfield code="c">16</subfield>
    <subfield code="d">2026-04-07</subfield>
    <subfield code="l">0</subfield>
    <subfield code="o">657 B615</subfield>
    <subfield code="p">L25967</subfield>
    <subfield code="r">2026-04-07 15:54:35</subfield>
    <subfield code="w">2026-04-07</subfield>
    <subfield code="y">L</subfield>
    <subfield code="z">SUBRAYADO C/ L&#xC1;PIZ - RAYADO C/ L&#xC1;PIZ - RAYADO LEVE C/ LAPICERA - MANCHAS LEVES</subfield>
  </datafield>
  <datafield tag="952" ind1=" " ind2=" ">
    <subfield code="0">0</subfield>
    <subfield code="1">0</subfield>
    <subfield code="4">0</subfield>
    <subfield code="7">0</subfield>
    <subfield code="a">BCEJYS</subfield>
    <subfield code="b">BCEJYS</subfield>
    <subfield code="c">16</subfield>
    <subfield code="d">2026-04-07</subfield>
    <subfield code="l">0</subfield>
    <subfield code="o">657 B615</subfield>
    <subfield code="p">L25969</subfield>
    <subfield code="r">2026-04-07 15:54:35</subfield>
    <subfield code="w">2026-04-07</subfield>
    <subfield code="y">L</subfield>
    <subfield code="z">RAYADO C/ L&#xC1;PIZ - SUBRAYADO C/ L&#xC1;PIZ - P&#xC1;G. 220 C/ CINTA - RAYADO C/ LAPICERA - MANCHADO - H&#xDA;MEDO</subfield>
  </datafield>
  <datafield tag="952" ind1=" " ind2=" ">
    <subfield code="0">0</subfield>
    <subfield code="1">0</subfield>
    <subfield code="4">0</subfield>
    <subfield code="7">0</subfield>
    <subfield code="a">BCEJYS</subfield>
    <subfield code="b">BCEJYS</subfield>
    <subfield code="c">16</subfield>
    <subfield code="d">2026-04-07</subfield>
    <subfield code="l">0</subfield>
    <subfield code="o">657 B615</subfield>
    <subfield code="p">L25953</subfield>
    <subfield code="r">2026-04-07 15:54:35</subfield>
    <subfield code="w">2026-04-07</subfield>
    <subfield code="y">L</subfield>
    <subfield code="z">RAYADO C/ L&#xC1;PIZ - SUBRAYADO C/ L&#xC1;PIZ - RAYADO C/ LAPICERA - MANCHADO  </subfield>
  </datafield>
</record>
